Recreation, park, and leisure services : (Record no. 15070)
[ view plain ]
| 000 -LEADER | |
|---|---|
| fixed length control field | 00462pam a2200169 i 4500 |
| 020 ## - INTERNATIONAL STANDARD BOOK NUMBER | |
| ISBN | 0721641431 |
| 040 ## - CATALOGING SOURCE | |
| Transcribing agency | DLC |
| 082 00 - DEWEY DECIMAL CLASSIFICATION NUMBER | |
| Classification number | 301 SAU 1978 A074 Or. |
| 100 1# - MAIN ENTRY--AUTHOR NAME | |
| Personal name | Godbey, Geoffrey. |
| 245 10 - TITLE STATEMENT | |
| Title | Recreation, park, and leisure services : |
| Remainder of title | foundations, organization, administration / |
| 260 ## - PUBLICATION, DISTRIBUTION, ETC. (IMPRINT) | |
| Place of publication | Philadelphia : |
| Name of publisher | Saunders, |
| Year of publication | 1978. |
| 300 ## - PHYSICAL DESCRIPTION | |
| Number of Pages | ix, 364 p. : |
| Other physical details | ill. ; |
| Dimensions | 27 cm. |
| 650 #0 - SUBJECT ADDED ENTRY--TOPICAL TERM | |
| Topical Term | Recreation |
| 650 #0 - SUBJECT ADDED ENTRY--TOPICAL TERM | |
| Topical Term | Parks |
| 650 #0 - SUBJECT ADDED ENTRY--TOPICAL TERM | |
| Topical Term | Leisure |
| 942 ## - ADDED ENTRY ELEMENTS (KOHA) | |
| Koha item type | សៀវភៅភាសាអង់គ្លេស |
| 952 ## - LOCATION AND ITEM INFORMATION (KOHA) | |
| Withdrawn status [LOCAL, KOHA] | 0 |
| Permanent Location | Date acquired | Koha item type | Lost status | Shelving location | Barcode | Current Location | Full call number |
|---|---|---|---|---|---|---|---|
| Library Block A | 2017-11-02 | សៀវភៅភាសាអង់គ្លេស | A074 | A06880 | Library Block A | 301 SAU 1978 A074 Or. |